1523 1459 1372 1838 1814 1532 1298 1047 1739 1818 1447 1819 1632 1345 1300 1710 1715 1033 1230 1644 1664 1057 1389 1107 1885 1999 1313 1366 1439 1691 1999 1562 1569 1800 1466 1844 1620 1092 1005 1136 1125 1221 1952 1383 1300 1130 1474 1010 1288 1843 1253 1885 1587 1881 1177 1482 1152 1741 1291 1495 1197 1889 1317 1715 1709 1359 1245 1835 1221 1424 1733 1702 1610 1989 1566 1492 1108 1435 1280 1030 1709 1952 1634 1786 1502 1255 1116 1120 1400 1627 1593 1729 1500 1126 1314 1769 1547 1977 1506 BCNSPRNW ULIB Ver.6.0+V

เปลี่ยนเป็นภาษาไทย

Change to English
 แสดงรายละเอียดบรรณานุกรม
  กลับหน้าหลัก

Brief Record : Get Marc (ISO 2709) : E-mail record : QR code < ปิดหน้าต่าง
LEADER : 00000nam 2200000uu 4500
001    13399114625
003     ULIB
008    120424s2542||||th 000 0 tha d
020    ^a9748673693
060 04 ^aQW180^bอ372ช 2542
100 0  ^aอรวรรณ นวีภาพ
245 10 ^aเชื้อราก่อโรคในสัตว์ =^bVeterinary pathogenic fungi /^cอรวรรณ นวีภาพ
260    ^aกรุงเทพฯ :^bหน่วยจุลชีววิทยา ภาควิชาพยาธิวิทยา,^c2542
300    ^a248 หน้า :^bภาพประกอบ ;^c27 ซม.
500    ^aSend to Single Search
650  4 ^aโรคสัตว์
650  4 ^aเชื้อรา^xการก่อโรค
710 2  ^aจุฬาลงกรณ์มหาวิทยาลัย.^bคณะสัตวแพทยศาสตร์.
945    ^p0^l0^i8668
945    ^p0^l0^i8669
995    ^aกัณชพร
999 ^a ใช้งานได้ทุกระบบ
รายการนี้ยังไม่มีแท็ก
คุณยังไม่ได้ล็อกอิน คุณสามารถมีกิจกรรมร่วมกับเว็บไซต์ได้ แต่ต้องล็อกอินก่อน ::
  ล็อกอิน

รายการสื่อสารสนเทศ

ลำดับที่ ประเภท เลขเรียก/บาร์โค้ด สถานที่ สถานะ
- ไม่พบข้อมูล -

BibComment


ยังไม่เคยถูกคอมเมนท์

คอมเมนท์ทรัพยากรรายการนี้
  คอมเมนท์: เชื้อราก่อโรคในส..


 Copyright 2026. Bcnsprnw @Library